| 000 | 00913nmm a2200277 a 4500 | ||
|---|---|---|---|
| 001 | ocm0001703167 | ||
| 003 | TR-IsHL | ||
| 005 | 20201028170345.0 | ||
| 008 | 180111s2017 tu tur | ||
| 007 | cr cn | ||
| 020 | _a9786059496773 | ||
| 035 |
_a1703167 _b(N$T) |
||
| 050 | 0 | 4 |
_aPL230 _b.U37 2017 |
| 090 | 0 | 4 |
_aPL230 _b.U37 2017 |
| 100 | 1 | _aUkray, Murat | |
| 245 | 1 | 0 |
_aKüçük Elisa: zaman yolcusu _h[electronic resource] / _cMurat Ukray ; çizimler Murat Ukray, Noyan Karaman |
| 260 |
_aİstanbul : _bE-Kitap Projesi, _c2017 |
||
| 300 | _a136 p. | ||
| 650 | 4 | _aDil ve Edebiyat | |
| 650 | 4 | _aLanguage and Literature | |
| 650 | 0 | _aÇocuk edebiyatı, Türkçe | |
| 650 | 0 | _aChildren's literature, Turkish | |
| 650 | 7 |
_aJUVENILE FICTION / General _2bisacsh |
|
| 700 | 1 | _aKaraman, Noyan | |
| 856 | 4 | 0 | _uhttp://search.ebscohost.com/login.aspx?direct=true&scope=site&db=e011xww&AN=1703167 |
| 999 |
_c16227 _d16227 |
||